[Event "Junior Online 4NCL Division 3"]
[Site "online"]
[Date "2021.03.04"]
[EventDate "2021.03.04"]
[Round "4.116"]
[White "Roul, Tushar"]
[WhiteElo "395"]
[WhiteTeam "East Kilbride Bishops"]
[Black "Groot Wassink, Emma"]
[BlackElo "1428"]
[BlackTeam "JHJ Shark Tank 4"]
[Result "1-0"]
[PlyCount "35"]

1. e4 e5 2. Nf3 Nc6 3. Nc3 Nf6 4. d4 exd4 5. Nxd4 Bb4 6. Nxc6 Bxc3+ 7. bxc3 bxc6 8. Bd3 Qe7 9. f3 d5 10. O-O O-O 11. Bd2 dxe4 12. fxe4 Nxe4 13. Re1 Qc5+ 14. Be3 Nxc3 15. Bxc5 Nxd1 16. Raxd1 Rd8 17. Bxh7+ Kxh7 18. Rxd8 1-0

[Event "Junior Online 4NCL Division 3"]
[Site "online"]
[Date "2021.03.04"]
[EventDate "2021.03.04"]
[Round "4.117"]
[White "Hatem, Mika"]
[WhiteElo "1369"]
[WhiteTeam "JHJ Shark Tank 4"]
[Black "Narasimhan, Srivathsan"]
[BlackElo "410"]
[BlackTeam "East Kilbride Bishops"]
[Result "1-0"]
[PlyCount "85"]

1. e4 e5 2. Nf3 Nc6 3. d4 Nf6 4. d5 Nd4 5. Nxd4 exd4 6. Qxd4 c5 7. Qd3 Bd6 8. Nc3 O-O 9. Be2 b6 10. O-O Bb8 11. Be3 Qc7 12. f4 g5 13. Rad1 gxf4 14. Bxf4 Qd8 15. Qg3+ Kh8 16. Bxb8 Rxb8 17. Qxb8 d6 18. Qxa7 Rg8 19. Qxf7 Bh3 20. Qxf6+ Qxf6 21. Rxf6 Rxg2+ 22. Kh1 Rxe2 23. Nxe2 Kg7 24. Rxd6 Kf7 25. Rxb6 Ke7 26. Rg1 Kf7 27. d6 Ke6 28. Ng3 Bg4 29. Nf5 Bf3+ 30. Rg2 Bxe4 31. Ne7 c4 32. Kg1 Bxg2 33. Kxg2 h6 34. a4 Kd7 35. a5 Kd8 36. a6 Ke8 37. a7 Kd7 38. a8=Q Ke6 39. Qe4+ Kd7 40. Rb7+ Ke8 41. Ng6+ Kd8 42. Qe7+ Kc8 43. Qd7# 1-0

[Event "Junior Online 4NCL Division 3"]
[Site "online"]
[Date "2021.03.04"]
[EventDate "2021.03.04"]
[Round "4.118"]
[White "Bhattacharjee, Aaditya"]
[WhiteElo "250"]
[WhiteTeam "East Kilbride Bishops"]
[Black "Burrill, Edoardo"]
[BlackElo "1383"]
[BlackTeam "JHJ Shark Tank 4"]
[Result "0-1"]
[PlyCount "56"]

1. e4 e5 2. Nf3 Nc6 3. Bc4 Nf6 4. Ng5 d5 5. exd5 Nd4 6. c3 Nf5 7. d6 Nxd6 8. Bb3 h6 9. Nf3 Bg4 10. h3 Bh5 11. d3 Be7 12. Nbd2 O-O 13. O-O Nh7 14. Re1 Bh4 15. Qc2 Qf6 16. Nxh4 Qxh4 17. Rxe5 Qf6 18. d4 Bg6 19. Qd1 Bd3 20. Bc2 Ba6 21. Ne4 Nxe4 22. Bxe4 Ng5 23. Bb1 Rae8 24. Rf5 Qe6 25. Bd2 Be2 26. Qc1 Ne4 27. Be3 Qxf5 28. Bxe4 Qxe4 0-1

[Event "Junior Online 4NCL Division 3"]
[Site "online"]
[Date "2021.03.04"]
[EventDate "2021.03.04"]
[Round "4.122"]
[White "Taylor, Tamuka"]
[WhiteElo "622"]
[WhiteTeam "Watford Juniors E"]
[Black "Popovici, Rees"]
[BlackElo "1702"]
[BlackTeam "Colchester Juniors A"]
[Result "0-1"]
[PlyCount "66"]

1. e4 e5 2. Nf3 Nc6 3. Bc4 Nf6 4. d3 Bc5 5. O-O d6 6. Bg5 Bg4 7. Bxf6 Qxf6 8. h3 Bxf3 9. Qxf3 Qxf3 10. gxf3 f6 11. Nc3 O-O-O 12. Nd5 g5 13. Kh1 Rhf8 14. a3 f5 15. exf5 Rxf5 16. Kg2 Rdf8 17. Bb5 Kd7 18. Bc4 Rxf3 19. Rae1 Rxf2+ 20. Rxf2 Rxf2+ 21. Kg1 Rxc2+ 22. Kf1 Rxb2 23. Nf6+ Ke7 24. Nxh7 Rf2+ 25. Kg1 Rf7+ 26. Kg2 Rxh7 27. a4 a6 28. Rb1 b6 29. Bxa6 Nd4 30. Bc4 Ne2 31. Kf1 Nf4 32. Re1 Rxh3 33. Re4 Rh1# 0-1

[Event "Junior Online 4NCL Division 3"]
[Site "online"]
[Date "2021.03.04"]
[EventDate "2021.03.04"]
[Round "4.123"]
[White "Catabay, Rezin C"]
[WhiteElo "1493"]
[WhiteTeam "Colchester Juniors A"]
[Black "Naren, Riya"]
[BlackElo "646"]
[BlackTeam "Watford Juniors E"]
[Result "1-0"]
[PlyCount "71"]

1. c4 e5 2. Nc3 Nc6 3. e3 Nf6 4. d4 exd4 5. exd4 Bd6 6. Nf3 O-O 7. Be2 Bb4 8. Bd2 d6 9. a3 Ba5 10. b4 Bb6 11. c5 dxc5 12. dxc5 Be6 13. cxb6 cxb6 14. O-O a6 15. Be3 Ne7 16. Qxd8 Raxd8 17. Bxb6 Rde8 18. Bc5 Nc8 19. Bxf8 Rxf8 20. Nd4 Bd7 21. Rad1 b6 22. Bxa6 Na7 23. Bc4 b5 24. Ncxb5 Nxb5 25. Nxb5 Bxb5 26. Bxb5 Nh5 27. a4 Nf6 28. a5 Ne8 29. Bxe8 Rxe8 30. b5 Ra8 31. b6 Rf8 32. a6 Re8 33. b7 Rf8 34. a7 Re8 35. b8=Q Rxb8 36. axb8=Q# 1-0

[Event "Junior Online 4NCL Division 3"]
[Site "online"]
[Date "2021.03.04"]
[EventDate "2021.03.04"]
[Round "4.124"]
[White "Karthik, Trivikraman"]
[WhiteElo "670"]
[WhiteTeam "Watford Juniors E"]
[Black "Kanellopoulos, Nickolas"]
[BlackElo "1465"]
[BlackTeam "Colchester Juniors A"]
[Result "1-0"]
[PlyCount "41"]

1. d4 d5 2. Bf4 Nf6 3. e3 e6 4. Nf3 Be7 5. Bd3 O-O 6. O-O b6 7. c4 Bb7 8. Nc3 Nbd7 9. cxd5 Nxd5 10. Nxd5 exd5 11. Qc2 c5 12. Bxh7+ Kh8 13. Bf5 c4 14. e4 g6 15. e5 Rc8 16. Bg4 Rc6 17. e6 Nf6 18. Be5 Kg8 19. Ng5 Nxg4 20. Nxf7 Rxf7 21. Qxg6+ 1-0

[Event "Junior Online 4NCL Division 3"]
[Site "online"]
[Date "2021.03.04"]
[EventDate "2021.03.04"]
[Round "4.126"]
[White "Popovici, Rees"]
[WhiteElo "1702"]
[WhiteTeam "Colchester Juniors A"]
[Black "Taylor, Tamuka"]
[BlackElo "622"]
[BlackTeam "Watford Juniors E"]
[Result "1-0"]
[PlyCount "61"]

1. e4 e5 2. d4 d5 3. dxe5 Nc6 4. exd5 Nxe5 5. Nc3 Nf6 6. Bg5 c6 7. dxc6 Qxd1+ 8. Rxd1 bxc6 9. Bxf6 gxf6 10. Be2 Bf5 11. Rd2 Bc5 12. f4 Nd7 13. Bf3 Rc8 14. Nge2 O-O 15. Nd4 Nb6 16. Nxf5 Rce8+ 17. Ne2 Rd8 18. Rxd8 Rxd8 19. Bxc6 Bb4+ 20. c3 Bd6 21. O-O Bc5+ 22. Ned4 Nc4 23. b4 Bb6 24. a4 Nd2 25. Rd1 Ne4 26. Bxe4 Rd5 27. Bxd5 Bc7 28. Re1 Bd6 29. Re8+ Bf8 30. Ne6 a5 31. Rxf8# 1-0

[Event "Junior Online 4NCL Division 3"]
[Site "online"]
[Date "2021.03.04"]
[EventDate "2021.03.04"]
[Round "4.127"]
[White "Naren, Riya"]
[WhiteElo "646"]
[WhiteTeam "Watford Juniors E"]
[Black "Catabay, Rezin C"]
[BlackElo "1493"]
[BlackTeam "Colchester Juniors A"]
[Result "0-1"]
[PlyCount "70"]

1. e4 e5 2. Nf3 Nf6 3. Nc3 d5 4. d3 dxe4 5. dxe4 Qxd1+ 6. Kxd1 Nc6 7. Be3 Bg4 8. Bg5 O-O-O+ 9. Ke1 Bxf3 10. gxf3 Nd4 11. Bxf6 gxf6 12. Nd1 Nxc2+ 13. Ke2 Nxa1 14. Bh3+ Kb8 15. Rg1 Nc2 16. Kf1 Rxd1+ 17. Ke2 Rxg1 18. f4 Nd4+ 19. Kd2 Bb4+ 20. Ke3 Re1+ 21. Kd3 Rd1+ 22. Kc4 c5 23. Bg2 b5+ 24. Kd5 Ne6+ 25. Kc6 Rc8+ 26. Kxb5 Nd4+ 27. Kc4 exf4 28. Kd5 f3 29. Bh3 Nf5+ 30. Kc4 Nd6+ 31. Kb3 Rc6 32. Bg4 Rd3+ 33. Kc2 c4 34. Kb1 c3 35. Ka1 Rd1# 0-1

[Event "Junior Online 4NCL Division 3"]
[Site "online"]
[Date "2021.03.04"]
[EventDate "2021.03.04"]
[Round "4.128"]
[White "Kanellopoulos, Nickolas"]
[WhiteElo "1465"]
[WhiteTeam "Colchester Juniors A"]
[Black "Karthik, Trivikraman"]
[BlackElo "670"]
[BlackTeam "Watford Juniors E"]
[Result "0-1"]
[PlyCount "36"]

1. e4 e5 2. Nf3 Nf6 3. Nxe5 Nxe4 4. Qe2 Qe7 5. Nc3 d5 6. Nxe4 dxe4 7. Nc4 Nc6 8. d3 Nd4 9. Qd2 exd3+ 10. Kd1 dxc2+ 11. Qxc2 Nxc2 12. Kxc2 Bf5+ 13. Bd3 Bxd3+ 14. Kxd3 O-O-O+ 15. Kc2 Qe4+ 16. Kb3 Qd3+ 17. Ka4 Qxc4+ 18. Ka5 b6# 0-1

[Event "Junior Online 4NCL Division 3"]
[Site "online"]
[Date "2021.03.04"]
[EventDate "2021.03.04"]
[Round "4.131"]
[White "Bryant, Harry"]
[WhiteElo "1460"]
[WhiteTeam "JHJ Shark Tank 3"]
[Black "Kumar, Sanjit S"]
[BlackElo "1611"]
[BlackTeam "KCJS 2"]
[Result "1/2-1/2"]
[PlyCount "131"]

1. e4 e5 2. Nf3 Nc6 3. Bc4 Nf6 4. Ng5 d5 5. exd5 Na5 6. Bb5+ c6 7. dxc6 bxc6 8. Bd3 h6 9. Ne4 Nxe4 10. Bxe4 f5 11. Bf3 Qf6 12. d3 Be7 13. O-O O-O 14. Bd2 Nb7 15. Nc3 Bd7 16. Re1 Rad8 17. Qe2 Bd6 18. Nd5 Qf7 19. Nc3 Rfe8 20. Rad1 Nc5 21. a3 Ne6 22. Be3 Nd4 23. Qf1 Nxc2 24. Re2 Nxe3 25. fxe3 Qg6 26. e4 f4 27. Red2 Bc5+ 28. Kh1 Be3 29. Rc2 Be6 30. Qe2 Qf6 31. Bh5 g6 32. Bg4 Bb3 33. h3 Bxc2 34. Qxc2 Qd6 35. Qb3+ Kh8 36. Qf7 Re7 37. Qb3 h5 38. Bf3 Kg7 39. Ne2 Bd4 40. Nc1 Rb8 41. Qa4 Bxb2 42. Ne2 Bd4 43. Nxd4 exd4 44. Rc1 c5 45. Qc2 Rc7 46. Qc4 a6 47. a4 Rb4 48. Qc2 c4 49. Be2 c3 50. Qd1 Rb2 51. Kg1 c2 52. Qe1 Rb1 53. Rxb1 cxb1=Q 54. Qxb1 Qc6 55. Qb8 Rb7 56. Qxf4 Rb1+ 57. Kh2 Qf6 58. Qc7+ Kh6 59. Qg3 Qg5 60. Qd6 Rb2 61. Qf8+ Kh7 62. Qf7+ Kh6 63. Qf8+ Kh7 64. Qf7+ Kh8 65. Qf8+ Kh7 66. Qf7+ 1/2-1/2

[Event "Junior Online 4NCL Division 3"]
[Site "online"]
[Date "2021.03.04"]
[EventDate "2021.03.04"]
[Round "4.132"]
[White "Soulier, Alfred"]
[WhiteElo "1647"]
[WhiteTeam "KCJS 2"]
[Black "Hanache, Kai"]
[BlackElo "1371"]
[BlackTeam "JHJ Shark Tank 3"]
[Result "0-1"]
[PlyCount "126"]

1. d4 e6 2. c4 d5 3. Nc3 Bb4 4. Nf3 Ne7 5. Bg5 h6 6. Bh4 g5 7. Bg3 Nbc6 8. e3 O-O 9. Qc2 dxc4 10. Bxc4 Nd5 11. O-O Nxc3 12. bxc3 Bd6 13. Bxd6 cxd6 14. Rab1 Qf6 15. Rfd1 d5 16. Bd3 b6 17. Bb5 Bb7 18. Bxc6 Bxc6 19. Ne5 Rfc8 20. Qd3 Kg7 21. Qa6 Qe7 22. Nxc6 Rxc6 23. Rdc1 Rac8 24. Rb3 Qd7 25. Qd3 a5 26. a4 Rb8 27. Rcb1 Qc7 28. Qc2 Rc8 29. Rc1 Rc4 30. Ra3 Qd6 31. Qb3 Qb4 32. Qxb4 axb4 33. Rb3 Rxc3 34. Rcxc3 bxc3 35. Rb1 Rc4 36. Kf1 Rxa4 37. Rc1 Rc4 38. Ke2 b5 39. Kd3 b4 40. e4 Kf6 41. g4 e5 42. dxe5+ Kxe5 43. exd5 Kxd5 44. Kc2 Rxg4 45. Kb3 Kc5 46. Rd1 Rd4 47. Re1 Rd2 48. Rb1 Rxf2 49. h4 gxh4 50. Ka4 Rb2 51. Rc1 Kc4 52. Ra1 c2 53. Ka5 Ra2+ 54. Rxa2 c1=Q 55. Rf2 Qg5+ 56. Kb6 Qc5+ 57. Ka6 Qxf2 58. Kb7 Qc5 59. Ka6 b3 60. Kb7 b2 61. Ka8 Qe7 62. Kb8 b1=Q+ 63. Kc8 Qbb7# 0-1

[Event "Junior Online 4NCL Division 3"]
[Site "online"]
[Date "2021.03.04"]
[EventDate "2021.03.04"]
[Round "4.133"]
[White "Vashisht-Pigem, Raman"]
[WhiteElo "1405"]
[WhiteTeam "JHJ Shark Tank 3"]
[Black "Patel, Zain"]
[BlackElo "1573"]
[BlackTeam "KCJS 2"]
[Result "0-1"]
[PlyCount "72"]

1. e4 c5 2. Nf3 d6 3. d4 cxd4 4. Nxd4 Nf6 5. Nc3 a6 6. Be2 e6 7. O-O Nbd7 8. Nb3 b5 9. Bf3 Bb7 10. e5 Bxf3 11. Qxf3 Nxe5 12. Qe2 Be7 13. Nd4 O-O 14. Bf4 Ng6 15. Bg3 Rc8 16. Rac1 Qb6 17. a3 Qxd4 18. Rfd1 Qb6 19. h4 Qc7 20. f4 Qc5+ 21. Kh1 Nh5 22. Bf2 Ngxf4 23. Bxc5 Nxe2 24. Nxe2 dxc5 25. g4 Nf6 26. g5 Ne4 27. Rd7 Bd6 28. Kg2 Rcd8 29. Rxd8 Rxd8 30. Rd1 f6 31. Kf3 f5 32. Nf4 Kf7 33. Ng2 Ke7 34. Ne3 b4 35. a4 Be5 36. Rb1 Nd2+ 0-1

[Event "Junior Online 4NCL Division 3"]
[Site "online"]
[Date "2021.03.04"]
[EventDate "2021.03.04"]
[Round "4.134"]
[White "Kucukyildiz, Alp Tugrul"]
[WhiteElo "1421"]
[WhiteTeam "KCJS 2"]
[Black "Yu, Rock"]
[BlackElo "1450"]
[BlackTeam "JHJ Shark Tank 3"]
[Result "1/2-1/2"]
[PlyCount "104"]

1. e4 Nf6 2. e5 Nd5 3. c4 Nb6 4. d4 d6 5. exd6 cxd6 6. Nc3 g6 7. Nf3 Bg7 8. Be3 O-O 9. Qd2 Nc6 10. d5 Ne5 11. Nxe5 Bxe5 12. Bh6 Bg7 13. Bxg7 Kxg7 14. Bd3 e6 15. dxe6 Bxe6 16. b3 d5 17. c5 Nd7 18. b4 Re8 19. O-O Ne5 20. Bb5 Nc6 21. Rad1 a6 22. Bxc6 bxc6 23. Qb2 Qf6 24. Qc2 Bf5 25. Qd2 Rad8 26. Ne2 Qe6 27. Nd4 Qf6 28. Nxf5+ Qxf5 29. Qd4+ Qe5 30. Qd3 Qf4 31. Qxa6 Qxb4 32. Qxc6 Qc4 33. Rd2 Rc8 34. Qxd5 Qxc5 35. Qxc5 Rxc5 36. Rfd1 Ra8 37. f3 Kf6 38. Kf2 Rca5 39. Ra1 R8a7 40. Ke1 Ke5 41. g3 f5 42. Ke2 Ra3 43. Rd3 Rxd3 44. Kxd3 Ra3+ 45. Ke2 Kd4 46. Rd1+ Ke5 47. Rd2 f4 48. gxf4+ Kxf4 49. Rd4+ Ke5 50. Rd2 Kf4 51. Rd4+ Ke5 52. Rd2 Kf4 1/2-1/2

[Event "Junior Online 4NCL Division 3"]
[Site "online"]
[Date "2021.03.04"]
[EventDate "2021.03.04"]
[Round "4.135"]
[White "Kumar, Sanjit S"]
[WhiteElo "1611"]
[WhiteTeam "KCJS 2"]
[Black "Bryant, Harry"]
[BlackElo "1460"]
[BlackTeam "JHJ Shark Tank 3"]
[Result "0-1"]
[PlyCount "80"]

1. e4 c6 2. d4 d5 3. e5 c5 4. c3 Bf5 5. Bd3 Bg6 6. Bxg6 hxg6 7. Nf3 e6 8. Nbd2 Nc6 9. O-O g5 10. Nb3 g4 11. Ng5 c4 12. Nc5 Bxc5 13. dxc5 Nh6 14. Re1 Qe7 15. b4 cxb3 16. Qxb3 Qxc5 17. Qxb7 Rb8 18. Qa6 Qxc3 19. Be3 Nb4 20. Qxa7 O-O 21. Bd4 Qd2 22. Be3 Qc3 23. Rac1 Qxe5 24. Bc5 Qxg5 25. Bxf8 Rxf8 26. Qa3 Qe7 27. Re3 Nf5 28. Rb3 Nd4 29. Rb2 Nbc6 30. Qxe7 Nxe7 31. a4 Ra8 32. Ra1 Nec6 33. Kf1 Na5 34. Raa2 Nc4 35. Rb4 Nc6 36. Rb1 Rxa4 37. Rxa4 Nd2+ 38. Ke2 Nxb1 39. Rxg4 Nc3+ 40. Kd3 Ne5+ 0-1

[Event "Junior Online 4NCL Division 3"]
[Site "online"]
[Date "2021.03.04"]
[EventDate "2021.03.04"]
[Round "4.136"]
[White "Hanache, Kai"]
[WhiteElo "1371"]
[WhiteTeam "JHJ Shark Tank 3"]
[Black "Soulier, Alfred"]
[BlackElo "1647"]
[BlackTeam "KCJS 2"]
[Result "0-1"]
[PlyCount "112"]

1. e4 c5 2. Nf3 d6 3. c3 Nf6 4. Be2 Nc6 5. d3 e6 6. Be3 Be7 7. O-O O-O 8. Nbd2 Bd7 9. d4 a6 10. dxc5 dxc5 11. Nb3 Nxe4 12. Bd3 Nf6 13. Nxc5 Qc7 14. Nxd7 Qxd7 15. Qc2 Rac8 16. a3 Rfd8 17. Bb6 Qxd3 18. Qxd3 Rxd3 19. Rad1 Rxd1 20. Rxd1 Nd5 21. Bd4 Nxd4 22. Nxd4 Bf6 23. Kf1 Bxd4 24. Rxd4 b5 25. Ke2 Rc4 26. Rxc4 bxc4 27. Kf3 f5 28. g4 g6 29. g5 Kf7 30. h4 Ke7 31. Ke2 Kd6 32. Kd2 a5 33. Ke2 a4 34. Kf3 Ke5 35. Kg3 Ke4 36. h5 e5 37. hxg6 hxg6 38. Kg2 Kd3 39. f4 Nxf4+ 40. Kf3 Ne6 41. Kf2 Nxg5 42. Ke1 e4 43. Kd1 e3 44. Ke1 f4 45. Kf1 f3 46. b4 cxb3 47. c4 b2 48. Kg1 b1=Q+ 49. Kh2 Qc2+ 50. Kg3 Qg2+ 51. Kf4 f2 52. Ke5 f1=Q 53. c5 e2 54. Kd6 e1=Q 55. c6 Qf6+ 56. Kd7 Qgxc6# 0-1

[Event "Junior Online 4NCL Division 3"]
[Site "online"]
[Date "2021.03.04"]
[EventDate "2021.03.04"]
[Round "4.137"]
[White "Patel, Zain"]
[WhiteElo "1573"]
[WhiteTeam "KCJS 2"]
[Black "Vashisht-Pigem, Raman"]
[BlackElo "1405"]
[BlackTeam "JHJ Shark Tank 3"]
[Result "1-0"]
[PlyCount "131"]

1. d4 Nf6 2. c4 g6 3. Nc3 Bg7 4. e4 d6 5. Nf3 Nbd7 6. e5 Ng8 7. exd6 cxd6 8. Be2 Ngf6 9. O-O O-O 10. Bg5 Re8 11. Rb1 a5 12. Nb5 Nb6 13. b3 Bd7 14. Nc3 Bf5 15. Bd3 Qd7 16. Rc1 Rac8 17. c5 dxc5 18. Bb5 Qd8 19. Bxe8 Qxe8 20. dxc5 Rxc5 21. Re1 h6 22. Qd4 Nbd7 23. Bxf6 Bxf6 24. Qe3 Qc8 25. Na4 Rxc1 26. Rxc1 Qd8 27. Qxh6 Bg7 28. Qh4 f6 29. Nc3 Nb6 30. Rd1 Qc8 31. Qd4 Nd7 32. Nd5 Bf8 33. Nh4 e5 34. Nxf5 gxf5 35. Ne7+ Kf7 36. Qxd7 Qxd7 37. Rxd7 Bxe7 38. Rxb7 Ke6 39. Rb5 Bb4 40. Kf1 Kd6 41. Ke2 Kc6 42. Rxb4 axb4 43. h4 Kd5 44. h5 Ke6 45. f3 Kf7 46. g4 fxg4 47. fxg4 Ke6 48. Ke3 f5 49. gxf5+ Kxf5 50. h6 Kg6 51. Ke4 Kxh6 52. Kxe5 Kh7 53. Kd5 Kg7 54. Kc5 Kf7 55. Kxb4 Ke7 56. Kc5 Kd7 57. a4 Kc7 58. Kb5 Kb7 59. b4 Ka7 60. Kc6 Kb8 61. b5 Ka8 62. b6 Kb8 63. b7 Ka7 64. Kc7 Ka6 65. b8=Q Ka5 66. Qb5# 1-0

[Event "Junior Online 4NCL Division 3"]
[Site "online"]
[Date "2021.03.04"]
[EventDate "2021.03.04"]
[Round "4.138"]
[White "Yu, Rock"]
[WhiteElo "1450"]
[WhiteTeam "JHJ Shark Tank 3"]
[Black "Kucukyildiz, Alp Tugrul"]
[BlackElo "1421"]
[BlackTeam "KCJS 2"]
[Result "1-0"]
[PlyCount "99"]

1. c4 e5 2. Nc3 Nf6 3. g3 Bc5 4. Bg2 Nc6 5. Nf3 e4 6. Ng5 Ng4 7. Ngxe4 Bb6 8. e3 Nge5 9. d3 f5 10. f4 fxe4 11. fxe5 exd3 12. O-O Nxe5 13. Qh5+ Ng6 14. Qf5 Rf8 15. Qe4+ Qe7 16. Rxf8+ Kxf8 17. Qxd3 d6 18. Bd2 Be6 19. Rf1+ Bf7 20. Nd5 Qd7 21. a3 Ke8 22. Bc3 Bxd5 23. Bxd5 Qe7 24. Bf7+ Kd7 25. Bxg7 Qxe3+ 26. Qxe3 Bxe3+ 27. Kg2 Ne5 28. Bxe5 dxe5 29. Bd5 c6 30. Be4 Ke7 31. Bxh7 Rd8 32. b3 Rd3 33. Bxd3 Kd6 34. h4 Kc5 35. b4+ Kd4 36. Rd1 e4 37. Bb1+ Ke5 38. Re1 Kd4 39. h5 Bh6 40. Rxe4+ Kc3 41. Re7 Kb2 42. Bd3 Ka1 43. Rxb7 Bg7 44. Rxg7 c5 45. bxc5 a5 46. h6 a4 47. h7 Ka2 48. Rb7 Kxa3 49. h8=Q Ka2 50. Qb2# 1-0

[Event "Junior Online 4NCL Division 3"]
[Site "online"]
[Date "2021.03.04"]
[EventDate "2021.03.04"]
[Round "4.141"]
[White "Gohil, Shayan"]
[WhiteElo "1275"]
[WhiteTeam "Brentwood School B"]
[Black "Vaidyanathan, Sathya"]
[BlackElo "1088"]
[BlackTeam "Warwickshire Bears G"]
[Result "1/2-1/2"]
[PlyCount "221"]

1. e4 e5 2. Nf3 Nc6 3. Bb5 d6 4. Bxc6+ bxc6 5. Nc3 Nf6 6. d3 h6 7. O-O Be6 8. Be3 Be7 9. Re1 Ng4 10. d4 Nxe3 11. Rxe3 exd4 12. Nxd4 Bd7 13. Qf3 c5 14. Nde2 O-O 15. Ng3 Bg5 16. Ree1 Qf6 17. Qe2 a6 18. Rab1 Bb5 19. Qd1 Bc6 20. Nh5 Qg6 21. Nd5 Bxd5 22. exd5 Rfe8 23. Rxe8+ Rxe8 24. Ng3 Bf4 25. Ne2 Qe4 26. Kf1 Bxh2 27. Nc3 Qc4+ 28. Qd3 Qxd3+ 29. cxd3 Be5 30. Ne4 Bd4 31. b4 Rb8 32. a3 a5 33. b5 f5 34. Nd2 Bc3 35. Nb3 a4 36. Nc1 Bd2 37. Ne2 Ba5 38. Nf4 g5 39. Nh3 g4 40. Nf4 Bb6 41. Ne6 Ba5 42. Ke2 Re8 43. Kf1 Bb6 44. Rd1 h5 45. d4 cxd4 46. Nxd4 Bxd4 47. Rxd4 Rb8 48. Rb4 Ra8 49. b6 cxb6 50. Rxb6 Rd8 51. Ra6 Kf7 52. Rxa4 Kf6 53. Ra7 Ke5 54. Ra5 Kd4 55. a4 Kc4 56. Ra7 Kxd5 57. a5 Kc5 58. a6 Kb6 59. Rh7 Kxa6 60. Rxh5 Rf8 61. f3 gxf3 62. gxf3 Kb5 63. Ke2 Kc5 64. Kd3 Kd5 65. Ke3 Ke5 66. f4+ Kd5 67. Kd3 Rf6 68. Rh8 Re6 69. Rh5 Rf6 70. Rh8 Kc5 71. Rc8+ Kb6 72. Kd4 Kb7 73. Rd8 Kc7 74. Ra8 Kb7 75. Rd8 Kc7 76. Ra8 Kd7 77. Ra7+ Kc6 78. Ra6+ Kd7 79. Kd5 Ke7 80. Ra7+ Kd8 81. Ra6 Kd7 82. Ra7+ Kc8 83. Ra6 Kc7 84. Ra7+ Kc8 85. Ra6 Kd7 86. Ra7+ Ke8 87. Ra8+ Ke7 88. Ra7+ Kf8 89. Rd7 Ke8 90. Rxd6 Rxd6+ 91. Kxd6 Kf7 92. Ke5 Kg6 93. Ke6 Kg7 94. Kxf5 Kf7 95. Ke5 Ke7 96. f5 Kf7 97. Kf4 Kf6 98. Ke4 Kf7 99. Ke5 Ke7 100. f6+ Kf7 101. Kf5 Kf8 102. Ke6 Ke8 103. Kf5 Kf7 104. Kg5 Kf8 105. Kg6 Kg8 106. Kf5 Kf7 107. Ke5 Kf8 108. Ke6 Ke8 109. Ke5 Kf7 110. Kf5 Kf8 111. Ke6 1/2-1/2

[Event "Junior Online 4NCL Division 3"]
[Site "online"]
[Date "2021.03.04"]
[EventDate "2021.03.04"]
[Round "4.142"]
[White "Vora, Ravi"]
[WhiteElo "1050"]
[WhiteTeam "Warwickshire Bears G"]
[Black "Cheema, Dilsher"]
[BlackElo "936"]
[BlackTeam "Brentwood School B"]
[Result "1-0"]
[PlyCount "61"]

1. e4 e5 2. Bc4 Nf6 3. Nc3 Nc6 4. d3 Bc5 5. Nf3 O-O 6. O-O d6 7. h3 h6 8. Na4 Re8 9. Nxc5 dxc5 10. Be3 b6 11. a3 Be6 12. Bb5 Bd7 13. a4 Ne7 14. Bxd7 Qxd7 15. Nxe5 Qd6 16. Nc4 Qc6 17. b3 Rad8 18. f3 Qd7 19. f4 c6 20. f5 b5 21. Nd2 g5 22. fxg6 fxg6 23. Rxf6 g5 24. Rxh6 bxa4 25. Qh5 Nc8 26. Rh8+ Kg7 27. Qh6+ Kf7 28. Rh7+ Kg8 29. Qg6+ Kf8 30. Rf1+ Qf7 31. Qxf7# 1-0

[Event "Junior Online 4NCL Division 3"]
[Site "online"]
[Date "2021.03.04"]
[EventDate "2021.03.04"]
[Round "4.144"]
[White "Murthy, Rishab"]
[WhiteElo "1119"]
[WhiteTeam "Warwickshire Bears G"]
[Black "Measday, Austin"]
[BlackElo "861"]
[BlackTeam "Brentwood School B"]
[Result "1-0"]
[PlyCount "67"]

1. d4 e6 2. e4 b6 3. Nc3 d5 4. e5 c5 5. dxc5 bxc5 6. Nf3 c4 7. b3 Bc5 8. bxc4 h5 9. cxd5 g5 10. Bxg5 f6 11. exf6 Nd7 12. f7+ Kxf7 13. Bxd8 Be7 14. Bxe7 Kxe7 15. dxe6 Kxe6 16. Bb5 a6 17. Bxd7+ Bxd7 18. Qd5+ Ke7 19. Qxa8 Kf7 20. Qxa6 Nf6 21. Ng5+ Kg6 22. Qd3+ Kxg5 23. Ne4+ Nxe4 24. Qxe4 Bf5 25. Qe7+ Kg6 26. Rb1 Bxc2 27. Rb6+ Kf5 28. Qf6+ Ke4 29. Qxh8 Bd3 30. Qh7+ Kd4 31. Rd6+ Kc3 32. Qxd3+ Kb2 33. Rb6+ Kxa2 34. Qa6# 1-0

[Event "Junior Online 4NCL Division 3"]
[Site "online"]
[Date "2021.03.04"]
[EventDate "2021.03.04"]
[Round "4.145"]
[White "Vaidyanathan, Sathya"]
[WhiteElo "1088"]
[WhiteTeam "Warwickshire Bears G"]
[Black "Gohil, Shayan"]
[BlackElo "1275"]
[BlackTeam "Brentwood School B"]
[Result "1/2-1/2"]
[PlyCount "142"]

1. e4 e5 2. Nf3 Nc6 3. Bc4 Bc5 4. Nc3 Nf6 5. d3 h6 6. h3 O-O 7. a3 d6 8. b4 Bd4 9. Nxd4 Nxd4 10. Be3 Ne6 11. O-O Nf4 12. Qd2 N6h5 13. Nd5 Nxh3+ 14. gxh3 Bxh3 15. Rfe1 Qh4 16. f3 Qg3+ 17. Kh1 Qh4 18. Qh2 Ng3+ 19. Kg1 c6 20. Nc3 Kh8 21. Bf2 Ne2+ 22. Nxe2 Qg5+ 23. Qg3 Qxg3+ 24. Nxg3 Rad8 25. Nf1 d5 26. exd5 cxd5 27. Bb3 f5 28. Kh2 Bxf1 29. Rxf1 e4 30. fxe4 fxe4 31. dxe4 dxe4 32. Bh4 Rd2+ 33. Kg1 Rxf1+ 34. Rxf1 e3 35. Rf8+ Kh7 36. Bg8+ Kg6 37. Bf7+ Kh7 38. Rd8 Rxc2 39. Rd3 e2 40. Re3 Rc1+ 41. Kf2 Rf1+ 42. Kxe2 Rxf7 43. Rh3 Rf8 44. Kd3 Rc8 45. Kd4 b5 46. Kd5 a6 47. Re3 Rc4 48. Bd8 Rc8 49. Ba5 g5 50. Re7+ Kg6 51. Re6+ Kf5 52. Rxh6 g4 53. Bb6 g3 54. Rh1 Kf4 55. Rg1 Kg4 56. Bf2 Rd8+ 57. Ke6 Re8+ 58. Kf7 Re2 59. Bxg3 Re3 60. Bf2+ Kf3 61. Bxe3 Kxe3 62. Rg6 Kd3 63. Rxa6 Kc3 64. Rb6 Kb3 65. Rxb5 Kxa3 66. Rb8 Ka4 67. b5 Ka5 68. b6 Ka6 69. b7 Ka7 70. Ke7 Kxb8 71. Kd7 Kxb7 1/2-1/2

[Event "Junior Online 4NCL Division 3"]
[Site "online"]
[Date "2021.03.04"]
[EventDate "2021.03.04"]
[Round "4.146"]
[White "Cheema, Dilsher"]
[WhiteElo "936"]
[WhiteTeam "Brentwood School B"]
[Black "Vora, Ravi"]
[BlackElo "1050"]
[BlackTeam "Warwickshire Bears G"]
[Result "0-1"]
[PlyCount "95"]

1. e4 e5 2. Nf3 Nc6 3. Bc4 Nf6 4. d3 Bc5 5. Nc3 d6 6. O-O Bg4 7. h3 Bxf3 8. Qxf3 Nd4 9. Qg3 O-O 10. Bh6 Nh5 11. Qg4 Kh8 12. Qxh5 gxh6 13. Qxh6 Nxc2 14. Rac1 Nd4 15. b4 Bxb4 16. Nd5 Ne2+ 17. Kh2 f6 18. Nxb4 Nxc1 19. Qxc1 c6 20. f4 a5 21. Nc2 d5 22. exd5 cxd5 23. Bb5 Rc8 24. Qd2 Qc7 25. Ne3 exf4 26. Nxd5 Qe5 27. Nxf4 Qxb5 28. Ng6+ Kg7 29. Nxf8 Qe5+ 30. Kg1 Rxf8 31. d4 Qd5 32. g4 Rd8 33. Rf4 a4 34. Qb4 Rc8 35. Qxa4 Rc1+ 36. Kf2 Rc3 37. h4 Qd6 38. Rf3 Qh2+ 39. Ke1 Rc1+ 40. Qd1 Qg1+ 41. Kd2 Qxd1+ 42. Ke3 Qe1+ 43. Kf4 Qd2+ 44. Ke4 Qe2+ 45. Kf4 Qd2+ 46. Ke4 Re1+ 47. Kd5 Qxa2+ 48. Kd6 0-1

[Event "Junior Online 4NCL Division 3"]
[Site "online"]
[Date "2021.03.04"]
[EventDate "2021.03.04"]
[Round "4.148"]
[White "Measday, Austin"]
[WhiteElo "861"]
[WhiteTeam "Brentwood School B"]
[Black "Murthy, Rishab"]
[BlackElo "1119"]
[BlackTeam "Warwickshire Bears G"]
[Result "0-1"]
[PlyCount "42"]

1. e4 e5 2. Bc4 Nc6 3. Qf3 Nf6 4. c3 d6 5. h3 Na5 6. Bb3 Nxb3 7. axb3 Be6 8. c4 b5 9. cxb5 Bxb3 10. Qxb3 Rb8 11. Ra5 Nxe4 12. Qb4 d5 13. f3 Bxb4 14. fxe4 Bxa5 15. Nf3 dxe4 16. Nxe5 Rxb5 17. Nc6 Qg5 18. Nxa5 Qxg2 19. Rf1 Rxa5 20. Nc3 Ra1 21. Nxe4 Rxc1# 0-1

[Event "Junior Online 4NCL Division 3"]
[Site "online"]
[Date "2021.03.04"]
[EventDate "2021.03.04"]
[Round "4.151"]
[White "Hilmi, Sofia"]
[WhiteElo "1148"]
[WhiteTeam "Leicestershire Juniors 3"]
[Black "Smith, Ryan S"]
[BlackElo "1769"]
[BlackTeam "KEGS A"]
[Result "0-1"]
[PlyCount "58"]

1. e4 c5 2. Nf3 g6 3. Nc3 Bg7 4. Bc4 Nc6 5. d3 e6 6. Be3 Nd4 7. Nxd4 cxd4 8. Qd2 dxe3 9. Qxe3 Ne7 10. O-O O-O 11. Rfe1 Re8 12. Rad1 a6 13. h3 b5 14. Bb3 Bb7 15. a3 d5 16. Rb1 d4 17. Qf3 dxc3 18. bxc3 Bxc3 19. Re3 Nc6 20. Qf4 Bd2 21. h4 Bxe3 22. Qxe3 Nd4 23. Qg3 Nxb3 24. Rxb3 Rc8 25. Rb2 Qd4 26. Ra2 Rc3 27. h5 Bxe4 28. h6 Bd5 29. Ra1 Rxc2 0-1